Normal view
MARC view
Entry Personal Name
001 - CONTROL NUMBER
- control field: 2858
003 - CONTROL NUMBER IDENTIFIER
- control field: HDC
005 - DATE AND TIME OF LATEST TRANSACTION
- control field: 20230624073135.0
008 - FIXED-LENGTH DATA ELEMENTS
- fixed length control field: 210109|| aca||aabn | a|a d
040 ## - CATALOGING SOURCE
- Original cataloging agency: HDC
- Transcribing agency: HDC
100 ## - HEADING--PERSONAL NAME
- Personal name: MOHAMAD IJAZ BIN S.M.MOHIYADDIN
670 ## - SOURCE DATA FOUND
- Source citation: Work cat.: (HDC): MOHAMAD IJAZ BIN S.M.MOHIYADDIN author, MALAYSIAN HALAL STANDARD (MS1500:2004):, 2006
